Hồn bướm mơ tiên Tiểu thuyết

Đã lưu trong:
Bibliografiske detaljer
Hovedforfatter: Khái Hưng
Format: Bog
Sprog:Undetermined
Udgivet: Tp. HCM Văn Nghệ 1999
Fag:
Tags: Tilføj Tag
Ingen Tags, Vær først til at tagge denne postø!
Thư viện lưu trữ: Trung tâm Học liệu Trường Đại học Cần Thơ
LEADER 00545nam a2200181Ia 4500
001 CTU_34454
008 210402s9999 xx 000 0 und d
082 |a 895.922331 
082 |b Kh103h/1999 
100 |a Khái Hưng 
245 0 |a Hồn bướm mơ tiên 
245 0 |b Tiểu thuyết 
245 0 |c Khái Hưng 
260 |a Tp. HCM 
260 |b Văn Nghệ 
260 |c 1999 
650 |a vietnamese fiction - 20th century,vietnamese literature - 20th century 
980 |a Trung tâm Học liệu Trường Đại học Cần Thơ